| 000 | 00395nam a2200145Ia 4500 | ||
|---|---|---|---|
| 008 | 211109s9999||||xx |||||||||||||| ||und|| | ||
| 082 |
_a302.401 _bSIN-M |
||
| 100 | _aSinha, V C | ||
| 245 | 0 | _aMonetary Economics | |
| 260 |
_bAllaide Pub _aNew Delhi _c1986 |
||
| 300 | _a589p. | ||
| 630 | _xGENERAL STACK | ||
| 650 |
_aSocial Science _vSocial Science _xSocial InteractionEconomics |
||
| 942 | _cBOOK | ||
| 999 |
_c39933 _d39933 |
||